000 01061nmm a2200337 a 4500
003 AR-BaBNM
005 20251128211449.0
008 314020s2004 ||||||||||||||000 | spa||
020 _a987-21486-0-0
040 _cAR-BaBNM
245 1 0 _aEl rol de la escuela en el escenario futuro argentino
260 _aBuenos Aires
_bFundación Price Waterhouse
_c2004
300 _a184 p.
500 _aPremio 90° aniversario Pricewaterhouse Coopers
500 _aDeclarado de interés educativo nacional por el Ministerio de Educación, Ciencia y Tecnología de la Nación
650 4 _aSOLIDARIDAD
650 4 _aRELACION ESCUELA-COMUNIDAD
650 4 _aPROMOCION DE LA LECTURA
650 4 _aPOLITICA EDUCATIVA
651 4 _aArgentina
653 _aGESTION EDUCATIVA
700 1 _aTasca, Eduardo Luis
700 1 _aRepetto, María Nélida
700 1 _aNibeyro, Irma Beatriz
700 1 _aAlegre, Rosa Aurelia
700 1 _aRadocevich, Alicia Nora
700 1 _aLaborde, Sonia
700 1 _aSantori, Diego
942 _cBK
998 _craquel
999 _c19766
_d19766